00491nam a2200157Ia 4500008004100000040001900041041001200060082002800072100001800100245006400118260004700182300002500229504005000254650001900304850001000323131103s9999 xx 000 0 und d aLoreto College aEnglish a954.03/DODbLCLIB/13564 aDodwell,Henry aDupleix and Cliveb the beginning of empire cHenry Dodwell aGorakhpurbVishwanidyalaya Prakashanc1962 axvi,302 p. c 21 cm. aIncludes index and bibliographical references aModern History aLCLIB